| 000 | 00513nam a2200169Ia 4500 | ||
|---|---|---|---|
| 008 | 140512s9999 xx 000 0 und d | ||
| 020 | _a9789718740002 | ||
| 050 |
_aQA 43 _b.Al385 2013 |
||
| 100 | _aAlfarez, Merle S. | ||
| 245 |
_aMSA Comprehensive mathematics reviewer / _cMerle S. Alfarez |
||
| 260 |
_aQuezon City : _bMSA Publishing House, _cc2013. |
||
| 300 |
_a163 p. : _bill. ; _c26 cm. |
||
| 500 | _aAnswers keys. | ||
| 650 |
_aMathematics _xExaminations -- Questions. |
||
| 942 | _cBK | ||
| 999 |
_c116669 _d116669 |
||